000 00605nam a2200217Ia 4500
003 GCL
008 140319s9999 xx 000 0 ara d
040 _aGCL /
_cGCL
082 0 4 _a370.1
_bر ت
100 1 _aريد، هربرت
245 1 0 _aالتربية من اجل السلام /
_cريد، هربرت
700 1 _aحمزة محمد
700 1 _aعطية محمود (مراجع)
300 _a202 ص
490 _aالالف كتاب
_v0
650 0 4 _aالفلسفة
650 0 4 _aالتربية
650 0 4 _aالتخطيط التربوى
650 0 4 _aالتخطيط
942 _2ddc
_cBK
999 _c42751
_d42751